Formación y actualización del profesorado de Educación Física y del entrenador deportivo: experiencias en formación inicial y permanente

Saved in:
Bibliografiske detaljer
Hovedforfatter: Delgado Noguera, Miguel Angel (Author)
Format: Bog
Sprog:spansk
Udgivet: Sevilla Wanceulen Editorial Deportiva . L 1997
Udgivelse:1a. ed
Fag:
Tags: Tilføj Tag
Ingen Tags, Vær først til at tagge denne postø!

MARC

LEADER 00000cam a2200000 a 4500
001 UCD0774
003 CL-VaPUC
008 151218e19970000sp |||||||||||||||||spa|d
020 |a 8487520375 
082 0 4 |a 378.12  |b DEL  |2 21 
100 0 |a Delgado Noguera, Miguel Angel  |e author  |9 583794 
245 1 0 |a Formación y actualización del profesorado de Educación Física y del entrenador deportivo: experiencias en formación inicial y permanente 
250 |a 1a. ed 
300 |a 283 p 
942 |c BK 
945 |d 20151218 14:15:00  |a dcastane 
260 |a Sevilla  |b Wanceulen Editorial Deportiva . L  |c 1997 
650 7 |a PROFESOR DE EDUCACION FISICA  |2 CL-VaPUC  |9 583795 
650 0 |a Formación profesional de profesores  |9 307493 
650 0 |a Curriculos  |9 343652 
583 |a last modification  |c 20151218 14:15:00  |k Rodrigo Vera 
999 |c 362227  |d 362225 
952 |0 0  |1 0  |3 erb  |4 0  |6 378_120000000000000_DEL_1997  |7 0  |8 A  |9 473221  |a BIBEDU  |b BIBEDU  |i 5257220  |o 378.12 DEL 1997  |p 5257220  |r 2019-11-24  |w 2019-11-24  |y BK  |z Catalogado en:20151218  |k EFI